Obaly a možnosti efektívneho nakladania s obalovým odpadom
Obal a jeho funkcie. Ekonomické a ekologické aspekty balenia tovaru. Dopad obalov na životné prostredie posudzované na základe hodnotenia ich životného cyklu. Systémy hospodárenia s odpadmi z obalov. Povinnosť dodržiavať zákon o obaloch č.529/2002 Z.z. Modely, ktoré sa využívajú na riešenie nakladan...
Gespeichert in:
| 1. Verfasser: | |
|---|---|
| Format: | Buchkapitel |
| Sprache: | Slowakisch |
| Schlagworte: | |
| Tags: |
Keine Tags, Fügen Sie das erste Tag hinzu!
|
MARC
| LEADER | 00000nla$a2200000$$$4500 | ||
|---|---|---|---|
| 001 | 0077817 | ||
| 005 | 20221207083502.1 | ||
| 041 | 0 | |a slo | |
| 044 | |a CZ | ||
| 245 | 1 | 0 | |a Obaly a možnosti efektívneho nakladania s obalovým odpadom |c Katarína Kajánková |
| 520 | |a Obal a jeho funkcie. Ekonomické a ekologické aspekty balenia tovaru. Dopad obalov na životné prostredie posudzované na základe hodnotenia ich životného cyklu. Systémy hospodárenia s odpadmi z obalov. Povinnosť dodržiavať zákon o obaloch č.529/2002 Z.z. Modely, ktoré sa využívajú na riešenie nakladania s obalovým odpadom. | ||
| 610 | 2 | 0 | |a obaly |
| 610 | 2 | 0 | |a balenie |
| 610 | 2 | 0 | |a tovar |
| 610 | 2 | 0 | |a odpad |
| 610 | 2 | 0 | |a ekológia |
| 610 | 2 | 0 | |a ochrana prostredia životného |
| 610 | 2 | 0 | |a legislatíva |
| 100 | 1 | |a Kajánková, Katarína | |